000 00568nam a22001457a 4500
020 _a978-9-3829-5100-1
082 _a823
_bHOS/M
100 _aHOSSEINI, KHALED
245 _aAND THE MOUNTAINS ECHOED
260 _aDELHI
_bBLOOMSBURRY
_c2013
300 _a404
520 _aAnd the Mountains Echoed (2013) concerns a brother and sister separated when the latter is given up for adoption because of their family's straitened circumstances. The novel chronicles the decades following the siblings' divergence in 1950s Afghanistan.
650 _aNOVEL
_zINDIA
942 _cBK
999 _c3324
_d3324